Statistics for My Chemical Romance Blood Lyrics

Click here to take the quiz!

General Stats

  • This quiz has been taken 652 times
  • The average score is 113 of 152

Answer Stats

Answer % Correct
The
97%
The
97%
The
97%
The
97%
The
97%
The
97%
A
96%
A
96%
I
96%
A
96%
I
96%
I
96%
I
96%
A
96%
I
96%
A
96%
Blood
95%
Blood
95%
Blood
95%
Blood
95%
Blood
95%
Blood
95%
Blood
95%
Blood
95%
Blood
95%
Blood
95%
You
94%
You
94%
You
94%
You
94%
You
94%
You
94%
You
94%
You
94%
Be
91%
Be
91%
Be
91%
Of
90%
Of
90%
Of
90%
Of
90%
They
88%
They
88%
It
88%
It
88%
It
88%
An
88%
They
88%
They
88%
They
88%
They
88%
Can
87%
Can
87%
Can
87%
Gallons
86%
Stuff
86%
Gallons
86%
Stuff
86%
And
83%
And
83%
And
83%
And
83%
So
82%
Enough
82%
So
82%
Enough
82%
So
82%
Me
81%
Me
81%
That
81%
That
81%
Never
81%
Never
81%
That
81%
Me
81%
Give
80%
Give
80%
Give
80%
All
79%
To
79%
All
79%
Drink
79%
Drink
79%
Will
77%
Love
76%
Love
76%
When
75%
Well
75%
Because
74%
Because
74%
Them
73%
Them
73%
Them
73%
Smile
73%
Roses
72%
Complete
72%
Need
72%
Your
71%
Think
71%
Know
69%
Encourage
69%
Cooperation
69%
How
68%
Send
68%
Don't
68%
For
67%
For
67%
Can't
64%
Control
62%
Myself
62%
I'll
60%
Glass
60%
While
59%
I'm
59%
Grab
59%
I'm
59%
Here
59%
Flood
57%
There's
57%
Cause
57%
F**k
55%
Honestly
55%
Doctors
53%
Nurses
53%
But
53%
Gave
53%
Gave
53%
Gave
53%
Man
52%
Awful
52%
Adore
51%
It's
51%
Such
51%
Gonna
50%
Celebrated
49%
Really
49%
Quite
47%
Luck
46%
Alarming
46%
With
46%
Amongst
45%
Bit
45%
Fix
42%
Kind
41%
Proper
39%
Human
37%
Wreckage
31%
Has
29%
Been
29%
Gurneys
28%
Thank
24%
Oh
20%

Score Distribution

Percentile by Number Answered

Percent of People with Each Score

Your Score History

You have not taken this quiz